| 000 | 01121cam a22003134a 4500 | ||
|---|---|---|---|
| 005 | 20260322212053.0 | ||
| 008 | data | ||
| 010 | _a 2003001797 | ||
| 020 | _a1585748226 (pbk) : alk. paper) | ||
| 020 | _a9781585748228 (pbk) : alk. paper) | ||
| 040 |
_aDLC _cDLC _dDLC |
||
| 042 | _apcc | ||
| 043 | _an-us--- | ||
| 050 | 0 | 0 |
_aSF290.U6 _bH37 2003 |
| 082 | 0 | 0 |
_a636.1/00973 _221 |
| 092 | _a636.1 H37 2003 | ||
| 100 | 1 | _aHarris, Moira C. | |
| 245 | 1 | 0 |
_aAmerica's horses : _ba celebration of the horse breeds born in the U.S.A. / _cMoira C. Harris & Bob Langrish. |
| 260 |
_aGuilford, Conn. : _bLyons Press, _cc2003. |
||
| 300 |
_ax, 214 p. : _bcol. ill. ; _c29 cm. |
||
| 650 | 0 |
_aHorse breeds _zUnited States. |
|
| 650 | 0 |
_aHorse breeds _zUnited States _vPictorial works. |
|
| 650 | 0 |
_aHorses _zUnited States. |
|
| 650 | 0 |
_aHorses _zUnited States _vPictorial works. |
|
| 700 | 1 | _aLangrish, Bob. | |
| 856 | 4 | 2 |
_3Contributor biographical information _uhttp://www.loc.gov/catdir/bios/globe051/2003001797.html |
| 856 | 4 | 2 |
_3Publisher description _uhttp://www.loc.gov/catdir/description/globe031/2003001797.html |
| 001 | data | ||
| 999 |
_c1267 _d1267 |
||